| 000 | 00959cam a2200313 i 4500 | ||
|---|---|---|---|
| 001 | 200460133 | ||
| 003 | TR-AnTOB | ||
| 005 | 20240515132348.0 | ||
| 007 | ta | ||
| 008 | 220126s2021 tu $r01 $$$$ tur utur d | ||
| 020 | _a9789755259192 | ||
| 040 |
_aTR-AnTOB _beng _erda _cTR-AnTOB |
||
| 041 | 0 | _atur | |
| 044 | _ctu | ||
| 050 | 0 | 0 | _aBP161 |
| 090 | 0 | 0 |
_aBP161 _b.N87 2021 |
| 100 | 1 |
_aNursi, Said, _d1873-1960 _990128 _eauthor |
|
| 245 | 1 | 0 |
_aRisale-i Nur külliyatından Ayetü’l-Kübra : _blugatçe dipnot / _cmüellifi Bediüzzaman Said Nursi. |
| 264 | 1 |
_aİstanbul : _bYeni Asya Neşriyat, _c2021. |
|
| 300 |
_a278 pages ; _c16 cm |
||
| 336 |
_ametin _btxt _2rdacontent |
||
| 337 |
_aaracısız _bn _2rdamedia |
||
| 338 |
_acilt _bnc _2rdacarrier |
||
| 650 | 0 |
_aİslam felsefesi _9101812 |
|
| 650 | 7 |
_aNurculuk _xDoktrinler _2etuturkob _990126 |
|
| 650 | 7 |
_aİslam _zTürkiye _xTarih _2etuturkob _96952 |
|
| 942 |
_2lcc _cBK |
||
| 999 |
_c200460133 _d78345 |
||